Statistics for Solarballs Members above Level 100

Click here to take the quiz!

General Stats

  • This quiz has been taken 6 times
  • The average score is 19 of 75

Answer Stats

Levelmember% Correct
110ichiro
75%
216loganloo
75%
153ar_paublo
50%
103bigvizkutfan (Moonie)
50%
100bluesthelegend
50%
103Candylord/Void
50%
142cheesyIo
50%
119dirtydestiny (Destiny)
50%
207fwdgg (fds)
50%
124gallaxine
50%
228jjf
50%
107joviannacho (Jupiter)
50%
229kauthar
50%
142kirbyisbest (Kirbo)
50%
156maddiegt
50%
121michelleisamoron (Michelle)
50%
173nepturnip
50%
103noremfor (SirNorem)
50%
203novuhhx (Elias)
50%
100planetaryvenus (Ven)
50%
125pluuutodraws (nix)
50%
104poletangle (Poland)
50%
107satunre (SATURN)
50%
106stylizes (Venus)
50%
138what_8263 (Stick)
50%
11820_thecoolvaporeon_01
(APOTI old acc)
25%
175bl4z33467 (Blaze)
25%
125femcaramella (1984)
25%
115figaro_811
25%
152freffyswagbear
25%
211fwxst
25%
111lolsayumi (Midori)
25%
140mainnn
25%
142moopleneptuni
25%
205mrmietekmarek (Marek)
25%
114noomycats
25%
101phnix.a (Phoenix as a Star)
25%
124.poisonouchasm (Zip)
25%
111polonia966
25%
124randombirbperson (birb)
25%
139rinmpa
25%
119rinrin5262
25%
111sanskrit4624 (Phoenix A)
25%
128sikeyee6942olyx (sike)
25%
115thrymr1
25%
111trincolio
25%
186waterywaterh2o (watery)
25%
129yourlocalunfunny (APOTI)
25%
100aleta_animator
0%
111andromedagalaxy_7799
0%
115anomacircloid (AnomaAnoma)
0%
117arsonbozo (Arsondude)
0%
117astrallydoomed (totallyastro)
0%
103astronomicalchemist (Crêpe)
0%
114badapple957 (Mexicoball)
0%
110bislacha1979 (Taco)
0%
101crystamoonaaa_ (Orangified
Titan)
0%
146dylan_errr
0%
151flowverinspace
0%
135freakkster
0%
144just.melody
0%
125kuzey4328 (Traffic Collision
Warning System)
0%
115normalfromtbbf (damoon1)
0%
100prablumatic
0%
103prismsv5 (Prism)
0%
144spacegamer2297
0%
163sparkyrak
0%
120starsinthehorizon (Voxxy)
0%
118superchara (SuperSun)
0%
109terrydacatto (Terry)
0%
101thenerdyavi (FindOil)
0%
143turimtoo
0%
105utarid_2024 (HELIX)
0%
107wind3rmere (Windd)
0%
105zacian.phobos (Reshiram)
0%

Score Distribution

Percentile by Number Answered

Percent of People with Each Score

Your Score History

You have not taken this quiz